Online Catalogue and eLibrary

Amba yaluwo (Record no. 5365)

MARC details
000 -LEADER
fixed length control field 00379nam a2200157Ia 4500
005 - DATE AND TIME OF LATEST TRANSACTION
control field 20250703160752.0
008 - FIXED-LENGTH DATA ELEMENTS--GENERAL INFORMATION
fixed length control field 240331s9999 xx 000 0 und d
020 ## - INTERNATIONAL STANDARD BOOK NUMBER
ISBN 9555990379
082 ## - DDC Classification
Item Number - Author Mark DEV
Class No. 891
100 ## - MAIN ENTRY--PERSONAL NAME
Personal name Devapriya,S
245 #0 - TITLE STATEMENT
Title Amba yaluwo
260 ## - PUBLICATION, DISTRIBUTION, ETC.
Place of publication, distribution, etc. Ratmalana
Name of publisher, distributor, etc. Sarvodaya Book Publishing Services
Date of publication, distribution, etc. 1991
300 ## - PHYSICAL DESCRIPTION
Extent (e.g. Volumes, Pages etc.) 149 p .,
650 ## - SUBJECT ADDED ENTRY--TOPICAL TERM
Topical term or geographic name entry element Teleplay
942 ## - Koha item type (Biblio)
Koha item type Books in Stacks (Lending)
Holdings
Lost status Damaged status Collection code Home library Current library Shelving location Date acquired Full call number Accession Number Item type
    Lending WERC Library WERC Library Social Science Cupboard 03/31/2024 891.48 DEV 952 Books in Stacks (Lending)

© WERC Library